Statistics for 40 Famous Women (That Everyone Should Know)

Click here to take the quiz!

General Stats

  • This quiz has been taken 1,049 times
    (985 since last reset)
  • The average score is 20 of 40

Answer Stats

ClueWoman% Correct
The last PharaohCleopatra
88%
Hid in an annex from the NazisAnne Frank
87%
Died in a car crash in ParisPrincess Diana
86%
Harry Potter authorJ.K. Rowling
84%
Refused to give up her bus seatRosa Parks
81%
Hannah MontanaMiley Cyrus
80%
The Iron LadyMargaret Thatcher
79%
Burnt at the stake by the EnglishJoan of Arc
76%
First female Nobel prize winnerMarie Curie
75%
Former Secatary of State and first Lady for the USHilary Clinton
73%
German ChancellorAngela Merkel
72%
English Queen who beat the Spanish ArmadaQueen Elizabeth I
72%
Wore meat to an awards ceremonyLady Gaga
70%
First female pilot to fly the AtlanticAmelia Earhart
68%
Signature scent was No.5Coco Chanel
68%
Wrote Sense and SensibilityJane Austen
68%
'Let them eat cake'Marie Antoinette
67%
First deafblind person with a degreeHelen Keller
63%
Nurse in the Crimean WarFlorence Nightingale
61%
Best selling female musicianMadonna
57%
Albanian missionary in KolkataMother Teresa
55%
Actress in The Iron LadyMeryl Streep
52%
The Seven Year Itch actressMarilyn Monroe
50%
First woman to see the resurrected JesusMary Magdalene
50%
Schoolgirl shot by the TalibanMalala Yousafzai
49%
Had a double mastectomy in 2013Angelina Jolie
41%
Actress who played the QueenHelen Mirren
39%
Wrote Little WomenLouisa Mary Alcott
39%
Divorcee who married Edward VIIIWallis Simpson
38%
Greek poetSappho
27%
Leader of the British sugragettesEmily Pankhurst
24%
Burnt down London in 60ADBoudica
21%
Released from house arrest in Burma in 2010Aung San Suu Kyi
19%
Her photo helped develop a chemical model.of DNARosalind Franklin
17%
Australian PM who beat and lost to Kevin RuddJulia Gillard
13%
First woman to head the IMFChristine Lagarde
10%
First female chairman of the FedJanet Yellen
10%
Jamaican nurse in the Crimean WarMary Seacole
9%
Current marathon record holderPaula Radcliffe
9%
American suffragetteJane Addams
3%

Score Distribution

Percentile by Number Answered

Percent of People with Each Score

Your Score History

You have not taken this quiz since the last reset